header

Transitions from school to work (Record no. 65604)

MARC details
000 -LEADER
fixed length control field 01073nam a2200277Ia 4500
245 00 - TITLE STATEMENT
Title Transitions from school to work
260 ## - PUBLICATION, DISTRIBUTION, ETC. (IMPRINT)
Place of publication Bradford, England :
Name of publisher Emerald Group Publishing,
Year of publication c2002.
300 ## - PHYSICAL DESCRIPTION
Number of Pages 77 p.
490 0# - SERIES STATEMENT
Series statement Education + training ;
650 #0 - SUBJECT ADDED ENTRY--TOPICAL TERM
Topical Term Career development.
Topical Term Employees
700 1# - ADDED ENTRY--PERSONAL NAME
Personal name Wolter, Stefan.
856 40 - ELECTRONIC LOCATION AND ACCESS
Uniform Resource Identifier http://site.ebrary.com/lib/rucke/Doc?id=10052735

No items available.

© 2026 Rongo University
Contact us: librarian | system librarian | Rongo university